[Event "SLO-ch U12 Girls"]
[Site "Postojna"]
[Date "2008.02.26"]
[Round "3"]
[White "Zunic, Magdalena"]
[Black "Hribar, Polona"]
[Result "1/2-1/2"]
[WhiteElo "1500"]
[BlackElo "1500"]
[PlyCount "101"]
[EventDate "2008.02.24"]
[EventType "swiss"]
[EventRounds "9"]
[EventCountry "SLO"]
[SourceTitle "EXT 2010"]
[Source "ChessBase"]
[SourceDate "2010.11.25"]
[SourceVersion "1"]
[SourceVersionDate "2010.11.25"]
[SourceQuality "1"]

1. e4 e5 2. Nf3 Nc6 3. Bc4 Nf6 4. Nc3 Bc5 5. d3 0-0 6. Bg5 Be7 7. 0-0 d6 8. h3 a6 9. Nd5 b5 10. Nxf6+ Bxf6 11. Bxf6 Qxf6 12. Bd5 Bb7 13. Bxc6 Bxc6 14. b3 Bd7 15. Qd2 c5 16. Qg5 Qxg5 17. Nxg5 b4 18. Nf3 Rae8 19. Nd2 Bc6 20. Nc4 d5 21. exd5 Bxd5 22. Nd6 Rd8 23. Nc4 Rfe8 24. Rae1 f6 25. Nb6 Re6 26. Nxd5 Rxd5 27. a4 a5 28. Rd1 Red6 29. Rd2 e4 30. Rfd1 exd3 31. cxd3 Re6 32. Rc1 Rc6 33. Rc4 Rdd6 34. d4 cxd4 35. Rdxd4 Rxd4 36. Rxc6 Rd1+ 37. Kh2 Rb1 38. Ra6 Rxb3 39. Rxa5 Rd3 40. Rb5 Rb3 41. a5 Ra3 42. Rxb4 Rxa5 43. f3 h6 44. g4 g5 45. f4 Ra2+ 46. Kg3 Ra3+ 47. Kg2 Ra2+ 48. Kf3 Ra3+ 49. Ke4 gxf4 50. Kxf4 Kg7 51. Rb7+ 1/2-1/2

[Event "SLO-ch U12 Girls"]
[Site "Postojna"]
[Date "2008.02.25"]
[Round "2"]
[White "Zunic, Magdalena"]
[Black "Franca, Veronika"]
[Result "0-1"]
[WhiteElo "1500"]
[BlackElo "1500"]
[PlyCount "112"]
[EventDate "2008.02.24"]
[EventType "swiss"]
[EventRounds "9"]
[EventCountry "SLO"]
[SourceTitle "EXT 2010"]
[Source "ChessBase"]
[SourceDate "2010.11.25"]
[SourceVersion "1"]
[SourceVersionDate "2010.11.25"]
[SourceQuality "1"]

1. e4 e5 2. Nf3 Nc6 3. Bc4 Bc5 4. Nc3 Nf6 5. d3 h6 6. Nxe5 Nxe5 7. d4 Nxc4 8. dxc5 0-0 9. 0-0 d6 10. cxd6 cxd6 11. h3 b6 12. b4 Ne5 13. Bf4 Qe7 14. a4 a6 15. b5 Rd8 16. Bg3 Bb7 17. Nd5 Nxd5 18. exd5 Ng6 19. c4 Rac8 20. Rc1 Qg5 21. Qd4 Rc5 22. f3 Qxg3 23. Rcd1 Nh4 24. Qg4 Qe5 25. Qxh4 Rdc8 26. Rfe1 Qc3 27. Re4 Rxc4 28. Rg4 Rxg4 29. Qxg4 Rc4 30. Qg3 Bxd5 31. bxa6 Rxa4 32. a7 Rxa7 33. Qxd6 Qd4+ 34. Kh2 b5 35. Qg3 Ra8 36. f4 Ra6 37. Qg4 Rf6 38. h4 Qe4 39. Kg3 Rg6 40. Rg1 Qf5 41. Qxg6 Qxg6+ 42. Kf2 b4 43. g3 Qg4 44. Ke3 Qf3+ 45. Kd4 Qf2+ 46. Kxd5 Qxg1 47. Kc4 Qb1 48. g4 b3 49. Kd5 Qc1 50. f5 b2 51. Ke5 b1Q 52. f6 gxf6+ 53. Kxf6 Qb5 54. g5 Qcc6+ 55. Ke7 Qbb7+ 56. Kd8 Qcc8# 0-1

[Event "SLO-ch U10 Girls"]
[Site "Murska Sobota"]
[Date "2007.03.02"]
[Round "9"]
[White "Kralj, Manca"]
[Black "Zunic, Magdalena"]
[Result "1-0"]
[WhiteElo "1563"]
[BlackElo "1500"]
[PlyCount "67"]
[EventDate "2007.02.25"]
[EventType "swiss"]
[EventRounds "9"]
[EventCountry "SLO"]
[SourceTitle "CBM 117 Extra"]
[Source "ChessBase"]
[SourceDate "2007.05.09"]
[SourceVersion "1"]
[SourceVersionDate "2007.05.09"]
[SourceQuality "1"]

1. e4 e5 2. Nf3 Nc6 3. Nc3 Bc5 4. Bc4 Na5 5. Bb3 c6 6. 0-0 Nxb3 7. axb3 d6 8. h3 b5 9. d3 b4 10. Na4 Nf6 11. Nxc5 dxc5 12. Nxe5 Qc7 13. Nf3 0-0 14. Nh2 Be6 15. Be3 Nd7 16. Qf3 Ne5 17. Qg3 Rac8 18. Bxc5 Rfe8 19. Bxb4 Nd7 20. Qxc7 Rxc7 21. Bd6 Rcc8 22. Rxa7 Ra8 23. Raa1 Rxa1 24. Rxa1 Nb6 25. Nf3 Ra8 26. Rxa8+ Nxa8 27. Ne5 f6 28. Nxc6 Bd7 29. Nd4 h6 30. Kh2 Kf7 31. Kg3 Kg6 32. Kf4 Kh5 33. Nf5 g6 34. g4# 1-0

[Event "SLO-ch U10 Girls"]
[Site "Murska Sobota"]
[Date "2007.03.01"]
[Round "8"]
[White "Zunic, Magdalena"]
[Black "Hribar, Polona"]
[Result "1-0"]
[WhiteElo "1500"]
[BlackElo "1500"]
[PlyCount "45"]
[EventDate "2007.02.25"]
[EventType "swiss"]
[EventRounds "9"]
[EventCountry "SLO"]
[SourceTitle "CBM 117 Extra"]
[Source "ChessBase"]
[SourceDate "2007.05.09"]
[SourceVersion "1"]
[SourceVersionDate "2007.05.09"]
[SourceQuality "1"]

1. e4 e5 2. Nf3 Nc6 3. Bc4 Bc5 4. c3 d6 5. d3 Bg4 6. b4 Bb6 7. Nbd2 Bxf3 8. Nxf3 f6 9. 0-0 Nge7 10. Be3 Bxe3 11. fxe3 Qd7 12. Nh4 g6 13. d4 Rf8 14. Bb5 0-0-0 15. d5 a6 16. Bxc6 bxc6 17. dxc6 Nxc6 18. c4 g5 19. Nf5 Nxb4 20. Qe1 Nd3 21. Qa5 Nc5 22. Rab1 Na4 23. Qxa6# 1-0

[Event "SLO-ch U10 Girls"]
[Site "Murska Sobota"]
[Date "2007.02.26"]
[Round "3"]
[White "Zunic, Magdalena"]
[Black "Pozonec, Maria Dorothea"]
[Result "1-0"]
[WhiteElo "1500"]
[BlackElo "1500"]
[PlyCount "33"]
[EventDate "2007.02.25"]
[EventType "swiss"]
[EventRounds "9"]
[EventCountry "SLO"]
[SourceTitle "CBM 117 Extra"]
[Source "ChessBase"]
[SourceDate "2007.05.09"]
[SourceVersion "1"]
[SourceVersionDate "2007.05.09"]
[SourceQuality "1"]

1. e4 e5 2. Nf3 Bc5 3. Bc4 h6 4. Nxe5 Qf6 5. Ng4 h5 6. Nxf6+ gxf6 7. d3 Nh6 8. Be3 Bd6 9. c3 f5 10. Qb3 fxe4 11. Bxf7+ Kf8 12. dxe4 Ng4 13. Bd2 Nxh2 14. Rxh2 Bxh2 15. c4 Kxf7 16. Bc3 h4 17. Bxh8 1-0